| 000 | 00395nam a2200169Ia 4500 | ||
|---|---|---|---|
| 003 | OSt | ||
| 005 | 20240614153642.0 | ||
| 008 | 230406s9999 xx 000 0 und d | ||
| 020 | _a9789394902855 | ||
| 082 |
_a8H3 _bSATT |
||
| 100 | _aSatyarthi, Kailash | ||
| 245 | 0 | _aTum Pahle Kyu Nahi Aaye | |
| 260 |
_aDelhi _bRajkamal _c2022 |
||
| 300 | _a246 | ||
| 650 | _aFiction/Novel | ||
| 942 |
_cBK _2ddc |
||
| 999 |
_c1633 _d1633 |
||